Những bệnh miền nhiệt đới thường gặp Tây và Đông y

Spremljeno u:
Bibliografski detalji
Glavni autor: Nguyễn Công Tỷ
Format: Knjiga
Jezik:Undetermined
Izdano: Tây Ninh Y Học Dân Tộc 1993
Teme:
Oznake: Dodaj oznaku
Bez oznaka, Budi prvi tko označuje ovaj zapis!
Thư viện lưu trữ: Trung tâm Học liệu Trường Đại học Cần Thơ
LEADER 00549nam a2200181Ia 4500
001 CTU_21737
008 210402s9999 xx 000 0 und d
082 |a 616.9883 
082 |b T600 
100 |a Nguyễn Công Tỷ 
245 0 |a Những bệnh miền nhiệt đới thường gặp 
245 0 |b Tây và Đông y 
245 0 |c Nguyễn Công Tỷ 
260 |a Tây Ninh 
260 |b Y Học Dân Tộc 
260 |c 1993 
650 |a tropical diseases 
980 |a Trung tâm Học liệu Trường Đại học Cần Thơ